[Event "DLM 2008"]
[Site "Dresden GER"]
[Date "2008.11.17"]
[Round "6"]
[White "Steinacker, Alex"]
[Black "Rafiee, Makan"]
[Result "1/2-1/2"]
[Termination "normal"]
[Board "3.3"]
[WhiteElo "1777"]
[BlackElo "2155"]
[WhiteTeam "Thüringen"]
[BlackTeam "Hessen 1"]
[PlyCount "109"]
[WhiteFideId "24647195"]
[BlackFideId "24609340"]
[EventCountry "GER"]
[EventRounds "7"]
[EventType "team-swiss"]
[EventDate "2008.11.13"]

1. c4 Nf6 2. Nc3 c5 3. Nf3 b6 4. e3 Bb7 5. Be2 e6 6. O-O Be7 7. b3 O-O 8. Bb2
d5 9. cxd5 exd5 10. d4 Ne4 11. Rc1 Nd7 12. dxc5 Ndxc5 13. Nb5 Bf6 14. Nbd4 Re8
15. Bb5 Rf8 16. b4 Ne6 17. Bc6 Bxc6 18. Nxc6 Qd6 19. Bxf6 Nxf6 20. Nfd4 Nxd4
21. Qxd4 Rfe8 22. f3 Re6 23. Rc3 Ne8 24. Rd1 Nc7 25. Qd3 a6 26. Nd4 Rf6 27.
Rdc1 Ne6 28. a3 Qd7 29. Qc2 h5 30. Rc8+ Rxc8 31. Qxc8+ Qxc8 32. Rxc8+ Kh7 33.
Kf2 b5 34. Nxe6 fxe6 35. Ra8 e5 36. Rd8 Rc6 37. Rxd5 Rc3 38. Rxe5 g6 39. h3
Rxa3 40. g4 h4 41. Re7+ Kg8 42. Ke2 Ra2+ 43. Kd3 Rh2 44. Re6 Kf7 45. Rxa6 Rxh3
46. Ke4 Rg3 47. Ra7+ Kf6 48. f4 Rxg4 49. Kf3 Rg3+ 50. Kf2 Rg4 51. Kf3 Rg1 52.
Ra6+ Kg7 53. Ra7+ Kh6 54. Ra8 Rg3+ 55. Kf2 1/2-1/2

[Event "DLM 2008"]
[Site "Dresden GER"]
[Date "2008.11.17"]
[Round "6"]
[White "Göbel, Constantin"]
[Black "Tischer, Jana"]
[Result "1-0"]
[Termination "normal"]
[Board "3.4"]
[WhiteElo "1871"]
[BlackElo "1870"]
[WhiteTeam "Hessen 1"]
[BlackTeam "Thüringen"]
[PlyCount "75"]
[WhiteFideId "24647071"]
[BlackFideId "24617164"]
[EventCountry "GER"]
[EventRounds "7"]
[EventType "team-swiss"]
[EventDate "2008.11.13"]

1. e4 c5 2. Nf3 Nc6 3. d4 cxd4 4. Nxd4 Nf6 5. Nc3 e5 6. Ndb5 d6 7. Nd5 Nxd5 8.
exd5 Nb8 9. c4 Be7 10. Be2 O-O 11. O-O f5 12. f4 a6 13. Nc3 Qb6+ 14. Kh1 e4 15.
Na4 Qd8 16. Be3 Nd7 17. Rc1 Rb8 18. Rg1 b5 19. cxb5 axb5 20. Nc3 b4 21. Nb5 Nf6
22. Nd4 Bd7 23. Qb3 Kh8 24. Rgd1 Qa5 25. Nc6 Bxc6 26. dxc6 d5 27. Bd4 Bd6 28.
g3 Rbc8 29. Be5 Bxe5 30. fxe5 Ng4 31. Qxd5 Qb6 32. Bxg4 fxg4 33. Qxe4 Rfe8 34.
Rd7 Qb5 35. e6 Rf8 36. Rf7 Qg5 37. Rcf1 Rxf7 38. exf7 1-0

[Event "DLM 2008"]
[Site "Dresden GER"]
[Date "2008.11.17"]
[Round "6"]
[White "Pältz, Sebastian"]
[Black "Wagner, Dennis"]
[Result "1-0"]
[Termination "normal"]
[Board "3.5"]
[WhiteElo "1773"]
[BlackElo "2000"]
[WhiteTeam "Thüringen"]
[BlackTeam "Hessen 1"]
[PlyCount "81"]
[WhiteFideId "24648027"]
[BlackFideId "24650684"]
[EventCountry "GER"]
[EventRounds "7"]
[EventType "team-swiss"]
[EventDate "2008.11.13"]

1. e4 e5 2. Nf3 Nc6 3. Bb5 a6 4. Ba4 Nf6 5. O-O Be7 6. Re1 b5 7. Bb3 d6 8. c3
O-O 9. d3 Na5 10. Bc2 c5 11. Nbd2 Nd7 12. Nf1 Nb6 13. Bd2 Nc6 14. Ng3 a5 15. h3
Re8 16. Be3 d5 17. Qe2 dxe4 18. dxe4 c4 19. Rad1 Qc7 20. Nf5 Bf8 21. b3 cxb3
22. Bxb3 Ba6 23. Bxb6 Qxb6 24. Ng5 g6 25. Bxf7+ Kh8 26. Bxe8 Rxe8 27. Rd7 Ne7
28. Nd6 Bc8 29. Nxc8 Rxc8 30. Qg4 Rxc3 31. Qh4 h5 32. Rxe7 Bxe7 33. Nf7+ Kg8
34. Qxe7 Rc2 35. Re3 Qc5 36. Nh6+ Kh8 37. Qf6+ Kh7 38. Rg3 Qc6 39. Qf7+ Kxh6
40. Qf8+ Kh7 41. Rf3 1-0

[Event "DLM 2008"]
[Site "Dresden GER"]
[Date "2008.11.17"]
[Round "6"]
[White "Tran, My Linh"]
[Black "Urban, Lars"]
[Result "0-1"]
[Termination "normal"]
[Board "3.6"]
[WhiteElo "1898"]
[BlackElo "1789"]
[WhiteTeam "Hessen 1"]
[BlackTeam "Thüringen"]
[PlyCount "54"]
[WhiteFideId "24682462"]
[BlackFideId "4644034"]
[EventCountry "GER"]
[EventRounds "7"]
[EventType "team-swiss"]
[EventDate "2008.11.13"]

1. e4 e6 2. Nf3 d5 3. Nc3 Nf6 4. e5 Nfd7 5. d4 c5 6. dxc5 Nc6 7. Bf4 Bxc5 8.
Bd3 f6 9. exf6 Qxf6 10. Bg3 O-O 11. O-O Qh6 12. Qe2 a6 13. Rad1 Nf6 14. Ne5 Nh5
15. Ng4 Qg5 16. h4 Nxg3 17. hxg5 Nxe2+ 18. Nxe2 e5 19. Bxh7+ Kxh7 20. Nh2 Be6
21. Ng3 Rf7 22. Rd2 Raf8 23. c3 e4 24. Re2 Ne5 25. Nh1 Ng4 26. Nxg4 Bxg4 27.
Rc2 e3 0-1

[Event "DLM 2008"]
[Site "Dresden GER"]
[Date "2008.11.17"]
[Round "6"]
[White "Jünger, Theresa"]
[Black "Breitwieser, Jasmin"]
[Result "0-1"]
[Termination "normal"]
[Board "3.7"]
[WhiteElo "1584"]
[BlackElo "1823"]
[WhiteTeam "Thüringen"]
[BlackTeam "Hessen 1"]
[PlyCount "46"]
[BlackFideId "24601705"]
[EventCountry "GER"]
[EventRounds "7"]
[EventType "team-swiss"]
[EventDate "2008.11.13"]

1. Nc3 c5 2. Nf3 d5 3. d4 e6 4. e3 Nf6 5. Bb5+ Bd7 6. Bxd7+ Nbxd7 7. O-O Be7 8.
Re1 O-O 9. e4 dxe4 10. Nxe4 Qc7 11. Ng3 Rfd8 12. Qe2 Rac8 13. c3 a6 14. Bg5 b5
15. Ne4 Nd5 16. Bxe7 Nxe7 17. Nfg5 h6 18. Qh5 hxg5 19. Nxg5 Qf4 20. Re4 Qf5 21.
Rh4 Ng6 22. g4 Qd5 23. Qh7+ Kf8 0-1

[Event "DLM 2008"]
[Site "Dresden GER"]
[Date "2008.11.17"]
[Round "6"]
[White "Bluhm, Sonja Maria"]
[Black "Michels, Kim"]
[Result "1-0"]
[Termination "normal"]
[Board "3.8"]
[WhiteElo "1636"]
[BlackElo "1321"]
[WhiteTeam "Hessen 1"]
[BlackTeam "Thüringen"]
[PlyCount "87"]
[WhiteFideId "24654027"]
[BlackFideId "24690066"]
[EventCountry "GER"]
[EventRounds "7"]
[EventType "team-swiss"]
[EventDate "2008.11.13"]

1. e4 c5 2. Nf3 Nc6 3. d4 cxd4 4. Nxd4 g6 5. c4 Bg7 6. Be3 Nf6 7. Nc3 O-O 8.
Be2 d6 9. Qd2 Bd7 10. O-O Ne5 11. f3 Rc8 12. b3 Qa5 13. Nd5 Qd8 14. Rad1 Nxd5
15. exd5 a5 16. h3 Be8 17. f4 Nd7 18. Bg4 Rb8 19. Bxd7 Bxd7 20. Nf3 a4 21. Qb4
axb3 22. axb3 b5 23. c5 Re8 24. c6 Bf5 25. g4 Bc8 26. Rc1 Qc7 27. Rf2 e6 28.
Ra2 Qe7 29. Ra7 Qf8 30. c7 Rb7 31. Rxb7 Bxb7 32. Qxb5 Bxd5 33. Qxe8 Qxe8 34.
c8=Q Kf8 35. Qxe8+ Kxe8 36. Nd4 e5 37. Nb5 Bxb3 38. Nxd6+ Ke7 39. fxe5 Bxe5 40.
Nb5 Ba4 41. Nd4 Kd6 42. Kf2 Kd5 43. Nf3 Bb2 44. Rc7 1-0

[Event "DLM 2008"]
[Site "Dresden GER"]
[Date "2008.11.17"]
[Round "6"]
[White "Figura, Atila Gajo"]
[Black "Paul, Johannes"]
[Result "1-0"]
[Termination "normal"]
[Board "4.1"]
[WhiteElo "2412"]
[BlackElo "2129"]
[WhiteTeam "Berlin"]
[BlackTeam "Sachsen Anhalt"]
[PlyCount "67"]
[WhiteFideId "4688058"]
[BlackFideId "24622087"]
[EventCountry "GER"]
[EventRounds "7"]
[EventType "team-swiss"]
[EventDate "2008.11.13"]

1. d4 Nf6 2. Bg5 g6 3. Bxf6 exf6 4. c4 Bg7 5. Nc3 f5 6. g3 O-O 7. Bg2 Re8 8. e3
d6 9. Nge2 Nd7 10. O-O Nf6 11. Qc2 h5 12. h4 Rb8 13. b4 Be6 14. Nd5 Ne4 15.
Ndf4 Bd7 16. b5 c6 17. a4 Qc7 18. Rab1 Qa5 19. Rfc1 Rec8 20. Ra1 d5 21. Qa2
cxb5 22. c5 bxa4 23. Nxg6 fxg6 24. Qxd5+ Kh7 25. Qxd7 Qd2 26. Bxe4 fxe4 27. Nf4
Rc6 28. Qd5 a3 29. Qxe4 Ra6 30. Nxh5 b5 31. cxb6 Rbxb6 32. Rc7 Rf6 33. Nxf6+
Rxf6 34. f4 1-0

[Event "DLM 2008"]
[Site "Dresden GER"]
[Date "2008.11.17"]
[Round "6"]
[White "Hofmann, Annett"]
[Black "Glantz, Robert"]
[Result "1-0"]
[Termination "normal"]
[Board "4.2"]
[WhiteElo "1993"]
[BlackElo "2197"]
[WhiteTeam "Sachsen Anhalt"]
[BlackTeam "Berlin"]
[PlyCount "117"]
[WhiteFideId "24603759"]
[BlackFideId "24629596"]
[EventCountry "GER"]
[EventRounds "7"]
[EventType "team-swiss"]
[EventDate "2008.11.13"]

1. e4 c5 2. Nf3 d6 3. d4 cxd4 4. Nxd4 Nf6 5. Nc3 a6 6. Be3 e6 7. f3 b5 8. Qd2
Nbd7 9. g4 Nb6 10. h4 Bb7 11. Rg1 Nfd7 12. f4 b4 13. Nd1 Bxe4 14. Qxb4 Nd5 15.
Qd2 Nxe3 16. Qxe3 Qxh4+ 17. Nf2 Bb7 18. g5 Be7 19. O-O-O e5 20. fxe5 dxe5 21.
Nf5 Qa4 22. Nxe7 Kxe7 23. Bh3 Rhd8 24. Bxd7 Rxd7 25. Qxe5+ Kf8 26. Qf5 Rad8 27.
Rxd7 Qxd7 28. Qxd7 Rxd7 29. Nd3 Rc7 30. b4 Bd5 31. a4 g6 32. Kd2 Kg7 33. Rg4 f6
34. a5 fxg5 35. Nc5 Rc6 36. c4 Bf3 37. Rxg5 Kf6 38. Rg3 Bh5 39. Ke3 Kf5 40. Ne4
h6 41. Kd4 Re6 42. Nc3 Kf4 43. Rg1 Bf3 44. b5 h5 45. Nd5+ Kf5 46. Rf1 Kg4 47.
b6 Kg3 48. b7 Re8 49. Rg1+ Bg2 50. Ne3 Rd8+ 51. Kc5 Rb8 52. Rxg2+ Kf3 53. Kc6
Rh8 54. Kc7 Rh7+ 55. Kb8 Kxe3 56. Ka8 Rh8+ 57. b8=Q Rxb8+ 58. Kxb8 Kd4 59. Rxg6
1-0

[Event "DLM 2008"]
[Site "Dresden GER"]
[Date "2008.11.17"]
[Round "6"]
[White "Kachibadze, Georg"]
[Black "Rafayevych, Vilen"]
[Result "1/2-1/2"]
[Termination "normal"]
[Board "4.3"]
[WhiteElo "2158"]
[BlackElo "1979"]
[WhiteTeam "Berlin"]
[BlackTeam "Sachsen Anhalt"]
[PlyCount "170"]
[WhiteFideId "24640794"]
[BlackFideId "24673897"]
[EventCountry "GER"]
[EventRounds "7"]
[EventType "team-swiss"]
[EventDate "2008.11.13"]

1. e4 c5 2. Nf3 e6 3. d4 cxd4 4. Nxd4 Nc6 5. Nc3 Qc7 6. Be3 a6 7. Bd3 Nf6 8.
O-O Ne5 9. Nf3 d6 10. a4 b6 11. Kh1 Ned7 12. Nd2 Be7 13. f4 O-O 14. Qf3 Bb7 15.
Qh3 Rfe8 16. Rae1 Nc5 17. e5 Nxd3 18. cxd3 Nd5 19. Nc4 Nxe3 20. Qxe3 Qc6 21.
Re2 dxe5 22. fxe5 Rad8 23. Ne4 Rf8 24. h3 Qxa4 25. Ned6 Bd5 26. Qxb6 Bxc4 27.
dxc4 Bxd6 28. exd6 Qxc4 29. Ref2 Qb5 30. Qd4 Qd5 31. Qa7 e5 32. Qxa6 Rxd6 33.
Qa7 Rd7 34. Qe3 Qd4 35. Qb3 h6 36. Re2 Re8 37. Rfe1 Qd5 38. Qc3 f6 39. b4 Rb8
40. Re4 Qb5 41. Rc1 Rbd8 42. Qc4+ Qxc4 43. Rexc4 Rd1+ 44. Rxd1 Rxd1+ 45. Kh2
Rd3 46. Kg1 Kf7 47. Rc7+ Kg6 48. Kf2 Rb3 49. Rb7 f5 50. b5 f4 51. b6 e4 52. Re7
Rb2+ 53. Kf1 e3 54. b7 Kf6 55. Rc7 g5 56. Rc6+ Kf5 57. Rc7 Ke4 58. Re7+ Kd3 59.
Rd7+ Kc3 60. Rc7+ Kd2 61. Rd7+ Kc1 62. Ke1 Kc2 63. Rc7+ Kd3 64. Rd7+ Kc4 65.
Rc7+ Kd5 66. Rh7 Kc6 67. b8=Q Rxb8 68. Rxh6+ Kd5 69. Rg6 Rb1+ 70. Ke2 Rb2+ 71.
Kf1 Rf2+ 72. Kg1 Ke4 73. Rxg5 f3 74. gxf3+ Rxf3 75. Ra5 Kf4 76. Kg2 Rf2+ 77.
Kg1 Kg3 78. Re5 Rf3 79. Re8 Kxh3 80. Rh8+ Kg3 81. Rg8+ Kh4 82. Rh8+ Kg5 83. Kg2
Rf2+ 84. Kg3 Kg6 85. Re8 Rf5 1/2-1/2

[Event "DLM 2008"]
[Site "Dresden GER"]
[Date "2008.11.17"]
[Round "6"]
[White "Mertens, Pauline"]
[Black "Kropman, Alexei"]
[Result "1-0"]
[Termination "normal"]
[Board "4.4"]
[WhiteElo "1918"]
[BlackElo "1960"]
[WhiteTeam "Sachsen Anhalt"]
[BlackTeam "Berlin"]
[PlyCount "107"]
[WhiteFideId "24671959"]
[BlackFideId "24670723"]
[EventCountry "GER"]
[EventRounds "7"]
[EventType "team-swiss"]
[EventDate "2008.11.13"]

1. e4 e5 2. Nf3 Nc6 3. Bb5 a6 4. Ba4 Nf6 5. O-O Be7 6. Re1 b5 7. Bb3 O-O 8. c3
d6 9. h3 Na5 10. Bc2 c5 11. d4 Qc7 12. Nbd2 cxd4 13. cxd4 Nc6 14. d5 Nb4 15.
Bb1 a5 16. Nf1 Re8 17. Ng3 h6 18. Qe2 Rb8 19. Bd2 Qc4 20. a3 Qxe2 21. Nxe2 Na6
22. b4 a4 23. Bd3 Bd7 24. Rac1 Rec8 25. Rxc8+ Rxc8 26. Nc3 Nc7 27. Rc1 Ra8 28.
Be3 Nfe8 29. h4 f5 30. Bb6 fxe4 31. Bxe4 Na6 32. Bd3 Rb8 33. Be3 Nac7 34. Be4
Nf6 35. Nd2 Rc8 36. Kh2 Ng4+ 37. Kg3 Nf6 38. Bf3 Kf8 39. Rd1 Na8 40. Nde4 Nxe4+
41. Nxe4 Rc4 42. Rc1 Rxc1 43. Bxc1 Nb6 44. Nc3 Nc4 45. Be2 Nb6 46. h5 Bg5 47.
Bxg5 hxg5 48. Nxb5 Ke7 49. Nc3 Be8 50. Kg4 Kf6 51. b5 Bf7 52. Bd1 Bxd5 53.
Nxd5+ Nxd5 54. Bxa4 1-0

[Event "DLM 2008"]
[Site "Dresden GER"]
[Date "2008.11.17"]
[Round "6"]
[White "Moritz, Aron"]
[Black "Müller, Alexander"]
[Result "1-0"]
[Termination "normal"]
[Board "4.5"]
[WhiteElo "1979"]
[BlackElo "1938"]
[WhiteTeam "Berlin"]
[BlackTeam "Sachsen Anhalt"]
[PlyCount "129"]
[WhiteFideId "24672319"]
[BlackFideId "4624696"]
[EventCountry "GER"]
[EventRounds "7"]
[EventType "team-swiss"]
[EventDate "2008.11.13"]

1. e4 c5 2. Nf3 e6 3. d4 cxd4 4. Nxd4 Nc6 5. Nc3 Qc7 6. Be3 a6 7. Bd3 Nf6 8. h3
Be7 9. O-O d6 10. Nb3 b5 11. a3 Bb7 12. f4 h5 13. Qd2 h4 14. Qf2 Nd7 15. Rac1
Bf6 16. Rfd1 Be7 17. Na2 d5 18. exd5 exd5 19. Nc3 Nf6 20. Bb6 Qc8 21. Re1 Kf8
22. Re2 Nd8 23. Rce1 Bd6 24. Bc5 Bxc5 25. Nxc5 Bc6 26. Re5 Qc7 27. Qd4 Nb7 28.
Nxb7 Bxb7 29. Qb4+ Kg8 30. Re7 Qb6+ 31. Kh2 Qf2 32. Ne2 Ng4+ 33. Kh1 Ne3 34.
Rg1 Nf1 35. Rxb7 Ng3+ 36. Kh2 Nxe2 37. Bxe2 Qxe2 38. Qe7 Qxe7 39. Rxe7 Kf8 40.
Rd7 Rc8 41. Re1 Rh6 42. Rxd5 Rhc6 43. c3 Rc4 44. Rh5 g6 45. Rxh4 Kg7 46. Kg3 a5
47. f5 gxf5 48. Rxc4 Rxc4 49. Re5 b4 50. Rxa5 bxc3 51. bxc3 Rxc3+ 52. Kf4 Kg6
53. a4 f6 54. Ra8 Ra3 55. a5 Ra4+ 56. Kf3 f4 57. a6 Kh7 58. a7 Kg7 59. Kg4 Kh7
60. h4 Kg7 61. Kf5 Ra6 62. Kxf4 Kh7 63. h5 Kg7 64. h6+ Kh7 65. Kf5 1-0

[Event "DLM 2008"]
[Site "Dresden GER"]
[Date "2008.11.17"]
[Round "6"]
[White "Nieber, Alexander"]
[Black "Nekrasova, Kateryna"]
[Result "1/2-1/2"]
[Termination "normal"]
[Board "4.6"]
[WhiteElo "1824"]
[BlackElo "1808"]
[WhiteTeam "Sachsen Anhalt"]
[BlackTeam "Berlin"]
[PlyCount "81"]
[WhiteFideId "24691224"]
[BlackFideId "24636266"]
[EventCountry "GER"]
[EventRounds "7"]
[EventType "team-swiss"]
[EventDate "2008.11.13"]

1. d4 d5 2. c4 dxc4 3. e4 Nf6 4. Nc3 Nc6 5. d5 Ne5 6. f4 Nd3+ 7. Bxd3 cxd3 8.
Qxd3 e6 9. Qb5+ Qd7 10. dxe6 fxe6 11. Qc4 a6 12. Nf3 b5 13. Qe2 Bb7 14. Ne5 Qc8
15. O-O b4 16. Na4 Nxe4 17. Qh5+ Ke7 18. Ng6+ hxg6 19. Qxh8 Kf7 20. Qh3 Qd7 21.
b3 Be7 22. Be3 Rd8 23. Nb2 Nc3 24. Nc4 Qd5 25. Ne5+ Kg8 26. Nxg6 Kf7 27. Nxe7
Kxe7 28. Rae1 Rf8 29. f5 Rxf5 30. Rxf5 Qxf5 31. Qg3 Kd8 32. Qh4+ Ke8 33. Qxb4
Qd5 34. Qg4 Kf7 35. Rf1+ Kg8 36. Qh3 Nxa2 37. Bf2 Nc3 38. Be3 Qe4 39. Bd2 Qd4+
40. Kh1 Qd5 41. Qg4 1/2-1/2

[Event "DLM 2008"]
[Site "Dresden GER"]
[Date "2008.11.17"]
[Round "6"]
[White "Kostré, Margarita"]
[Black "Zimmermann, Christian"]
[Result "1-0"]
[Termination "normal"]
[Board "4.7"]
[WhiteElo "1733"]
[BlackElo "1513"]
[WhiteTeam "Berlin"]
[BlackTeam "Sachsen Anhalt"]
[PlyCount "137"]
[WhiteFideId "4673344"]
[BlackFideId "24692069"]
[EventCountry "GER"]
[EventRounds "7"]
[EventType "team-swiss"]
[EventDate "2008.11.13"]

1. e4 e5 2. Nf3 Nc6 3. Bb5 a6 4. Ba4 Nf6 5. O-O Be7 6. Re1 b5 7. Bb3 d6 8. c3
O-O 9. h3 Nb8 10. d4 Nbd7 11. a4 Bb7 12. Nbd2 Re8 13. Bc2 c5 14. d5 Qb6 15. Nf1
Bf8 16. a5 Qc7 17. g4 g6 18. Ng3 Rec8 19. Nh2 Bg7 20. Qf3 c4 21. h4 Nc5 22. Bg5
Nfd7 23. h5 Rab8 24. Bd2 Ba8 25. g5 Qd8 26. Ng4 Nb7 27. Kg2 Qe7 28. Rh1 f6 29.
hxg6 hxg6 30. Nh6+ Kf8 31. Be3 Nbc5 32. Ng4 Kg8 33. gxf6 Bxf6 34. Nh6+ Kf8 35.
Qg4 Qg7 36. Qf3 Ke8 37. Rh2 Kd8 38. Rah1 Kc7 39. Ng4 Rh8 40. Rxh8 Rxh8 41. Bh6
Qe7 42. Qe3 Bg7 43. Bg5 Qf7 44. Rxh8 Bxh8 45. Bh4 Qf4 46. Qxf4 exf4 47. Ne2 Be5
48. Kf3 Nb7 49. Nxf4 Bxf4 50. Kxf4 Nxa5 51. Kg5 Nb8 52. Kf6 Nb3 53. Kf7 Nd7 54.
Kxg6 Ndc5 55. f4 Nd2 56. Nf2 Nf3 57. Bg3 Kd7 58. f5 Ne5+ 59. Bxe5 dxe5 60. f6
Ke8 61. Kg7 Nd7 62. f7+ Ke7 63. Ng4 Nf8 64. Nxe5 a5 65. Nc6+ Bxc6 66. dxc6 Ne6+
67. Kg8 b4 68. Ba4 Kd6 69. f8=Q+ 1-0

[Event "DLM 2008"]
[Site "Dresden GER"]
[Date "2008.11.17"]
[Round "6"]
[White "Müller, Alexandra"]
[Black "Lagunov, Elina"]
[Result "1-0"]
[Termination "normal"]
[Board "4.8"]
[WhiteElo "1532"]
[BlackElo "1344"]
[WhiteTeam "Sachsen Anhalt"]
[BlackTeam "Berlin"]
[PlyCount "93"]
[WhiteFideId "24691496"]
[BlackFideId "4673387"]
[EventCountry "GER"]
[EventRounds "7"]
[EventType "team-swiss"]
[EventDate "2008.11.13"]

1. e4 e5 2. Nf3 Nc6 3. Bc4 Nf6 4. d3 Be7 5. c3 d6 6. Bb3 O-O 7. O-O Kh8 8. Re1
Ng8 9. d4 Bg4 10. d5 Nb8 11. Bc2 c6 12. dxc6 Nxc6 13. h3 Be6 14. Be3 Qd7 15.
Kh2 Rad8 16. Qd3 f5 17. exf5 Bxf5 18. Qe2 Nf6 19. Bxf5 Qxf5 20. Nbd2 d5 21. Nb3
Bd6 22. Kg1 Ne4 23. c4 Bb4 24. Rf1 d4 25. Bc1 Nf6 26. a3 Be7 27. Rd1 Nh5 28.
Re1 Bd6 29. Qe4 Qf7 30. Qc2 Nf4 31. Bxf4 Qxf4 32. Nc1 Rde8 33. Re4 Qf5 34. Qe2
Re7 35. Nd3 Rfe8 36. Re1 a6 37. c5 Bc7 38. b4 g5 39. a4 h5 40. b5 axb5 41. axb5
g4 42. hxg4 hxg4 43. Nh4 Qf6 44. Rxg4 e4 45. Ng6+ Kh7 46. Nxe7 exd3 47. Qxd3+
1-0

[Event "DLM 2008"]
[Site "Dresden GER"]
[Date "2008.11.17"]
[Round "6"]
[White "Berchtenbreiter, Maximilian"]
[Black "Armbrust, Florian"]
[Result "0-1"]
[Termination "normal"]
[Board "5.1"]
[WhiteElo "2116"]
[BlackElo "2326"]
[WhiteTeam "Bayern"]
[BlackTeam "Rheinland-Pfalz"]
[PlyCount "74"]
[WhiteFideId "24641120"]
[BlackFideId "4691350"]
[EventCountry "GER"]
[EventRounds "7"]
[EventType "team-swiss"]
[EventDate "2008.11.13"]

1. Nf3 d6 2. d4 Nf6 3. c4 g6 4. Nc3 Bg7 5. g3 O-O 6. Bg2 Nbd7 7. O-O e5 8. e4
c6 9. h3 exd4 10. Nxd4 Qb6 11. Nde2 Nc5 12. Be3 Qxb2 13. Qxd6 Ncxe4 14. Nxe4
Nxe4 15. Qd3 Bf5 16. Bxe4 Bxe4 17. Qxe4 Qxe2 18. Rfe1 Qh5 19. Rab1 Rfe8 20. Qg2
Re7 21. Qf1 Qa5 22. Bd2 Rxe1 23. Bxa5 Rxf1+ 24. Kxf1 b6 25. Bd2 Rd8 26. Be3 Rd3
27. a4 Bf8 28. c5 Bxc5 29. Bxc5 bxc5 30. Rc1 Rd8 31. a5 Kf8 32. a6 Ke7 33. Rb1
c4 34. Ke2 Kd6 35. Rb7 c3 36. Rb1 Kc5 37. Rb3 Kc4 0-1

[Event "DLM 2008"]
[Site "Dresden GER"]
[Date "2008.11.17"]
[Round "6"]
[White "Dann, Matthias"]
[Black "Billing, Christian"]
[Result "1-0"]
[Termination "normal"]
[Board "5.2"]
[WhiteElo "2203"]
[BlackElo "2212"]
[WhiteTeam "Rheinland-Pfalz"]
[BlackTeam "Bayern"]
[PlyCount "69"]
[WhiteFideId "24638056"]
[BlackFideId "4697294"]
[EventCountry "GER"]
[EventRounds "7"]
[EventType "team-swiss"]
[EventDate "2008.11.13"]

1. e4 e6 2. d4 d5 3. Nc3 dxe4 4. Nxe4 Nd7 5. Nf3 Ngf6 6. Nxf6+ Nxf6 7. Bd3 Be7
8. O-O O-O 9. Ne5 c5 10. dxc5 Qd5 11. Re1 Bxc5 12. Bg5 Nd7 13. Bf4 Bd4 14. Be4
Qc5 15. Nd3 Qb6 16. c3 Bf6 17. Qc2 g6 18. Rad1 Rd8 19. c4 e5 20. Be3 Qa5 21. f4
exf4 22. b4 Qa3 23. Nxf4 Re8 24. Nd5 Bd8 25. Bd4 Qa6 26. b5 Qd6 27. c5 Qf8 28.
c6 bxc6 29. bxc6 Nb6 30. c7 Nxd5 31. Bxd5 Bf5 32. cxd8=Q Raxd8 33. Qc6 Rxe1+
34. Rxe1 Be6 35. Rxe6 1-0

[Event "DLM 2008"]
[Site "Dresden GER"]
[Date "2008.11.17"]
[Round "6"]
[White "Nuber, Blasius"]
[Black "Grünter, Martin"]
[Result "1/2-1/2"]
[Termination "normal"]
[Board "5.3"]
[WhiteElo "2107"]
[BlackElo "2045"]
[WhiteTeam "Bayern"]
[BlackTeam "Rheinland-Pfalz"]
[PlyCount "60"]
[WhiteFideId "24620289"]
[BlackFideId "24640352"]
[EventCountry "GER"]
[EventRounds "7"]
[EventType "team-swiss"]
[EventDate "2008.11.13"]

1. Nf3 Nf6 2. g3 c5 3. Bg2 e6 4. d3 Be7 5. O-O O-O 6. e4 d6 7. Re1 Nbd7 8. c4
Rb8 9. Nc3 a6 10. a4 b6 11. h3 Bb7 12. Be3 Qc7 13. Nh2 Rfd8 14. f4 d5 15. Bd2
d4 16. Ne2 e5 17. Nf3 Bd6 18. Nh4 g6 19. f5 Bf8 20. g4 Qc6 21. Ng3 b5 22. b3
bxc4 23. bxc4 Ba8 24. g5 Ne8 25. Qc2 Rb7 26. Reb1 Rdb8 27. a5 Rxb1+ 28. Rxb1
Rxb1+ 29. Qxb1 Qa4 30. Bf3 Nd6 1/2-1/2

[Event "DLM 2008"]
[Site "Dresden GER"]
[Date "2008.11.17"]
[Round "6"]
[White "Remy, Janina"]
[Black "Nuber, Helene"]
[Result "1/2-1/2"]
[Termination "normal"]
[Board "5.4"]
[WhiteElo "1983"]
[BlackElo "2072"]
[WhiteTeam "Rheinland-Pfalz"]
[BlackTeam "Bayern"]
[PlyCount "65"]
[WhiteFideId "24627348"]
[BlackFideId "24613045"]
[EventCountry "GER"]
[EventRounds "7"]
[EventType "team-swiss"]
[EventDate "2008.11.13"]

1. e4 e6 2. d4 d5 3. Nc3 dxe4 4. Nxe4 Nd7 5. Nf3 Ngf6 6. Nxf6+ Nxf6 7. c3 c5 8.
Bf4 Bd7 9. Be2 Be7 10. O-O O-O 11. Qc2 Nd5 12. Bg3 Rc8 13. dxc5 Rxc5 14. Rad1
b5 15. Qb1 Qb6 16. Ne5 Rd8 17. Bd3 h6 18. Nxd7 Rxd7 19. Be5 Bf6 20. Bxf6 Nxf6
21. Be2 Rcd5 22. Bf3 Rd2 23. Rxd2 Rxd2 24. Qc1 Qd6 25. Rd1 Rxd1+ 26. Qxd1 Qxd1+
27. Bxd1 Ne4 28. Be2 Nd6 29. Kf1 Kf8 30. Ke1 Ke7 31. Bd3 Kd7 32. Kd2 Kc6 33.
Kc2 1/2-1/2

[Event "DLM 2008"]
[Site "Dresden GER"]
[Date "2008.11.17"]
[Round "6"]
[White "Anker, Christin"]
[Black "Voss, Chantal"]
[Result "1-0"]
[Termination "normal"]
[Board "5.5"]
[WhiteElo "1900"]
[BlackElo "1902"]
[WhiteTeam "Bayern"]
[BlackTeam "Rheinland-Pfalz"]
[PlyCount "65"]
[WhiteFideId "1615688"]
[BlackFideId "4664906"]
[EventCountry "GER"]
[EventRounds "7"]
[EventType "team-swiss"]
[EventDate "2008.11.13"]

1. e4 e6 2. d4 d5 3. Nc3 Bb4 4. e5 c5 5. Bd2 Nc6 6. Nb5 Bxd2+ 7. Qxd2 Nxd4 8.
Nxd4 cxd4 9. Qxd4 Ne7 10. f4 O-O 11. Nf3 Nc6 12. Qe3 f5 13. c3 Bd7 14. Bd3 Qe7
15. O-O Rfc8 16. Kh1 Rab8 17. a4 Na5 18. Nd4 a6 19. Rg1 Qe8 20. g4 Nc6 21. Nf3
g6 22. gxf5 exf5 23. Nh4 Qf7 24. Rg2 Ne7 25. Bc2 Rc4 26. Nf3 Kg7 27. Ng5 Qg8
28. e6 Bc6 29. Qe5+ Kf8 30. Qxb8+ Be8 31. Qe5 Bc6 32. Qf6+ Ke8 33. Nf7 1-0

[Event "DLM 2008"]
[Site "Dresden GER"]
[Date "2008.11.17"]
[Round "6"]
[White "Grzeca, Pascal"]
[Black "Pfadenhauer, Johannes"]
[Result "0-1"]
[Termination "normal"]
[Board "5.6"]
[WhiteElo "1903"]
[BlackElo "1668"]
[WhiteTeam "Rheinland-Pfalz"]
[BlackTeam "Bayern"]
[PlyCount "84"]
[WhiteFideId "24600741"]
[BlackFideId "24615269"]
[EventCountry "GER"]
[EventRounds "7"]
[EventType "team-swiss"]
[EventDate "2008.11.13"]

1. e4 c5 2. Nf3 d6 3. d4 cxd4 4. Nxd4 Nf6 5. Nc3 g6 6. Be3 Bg7 7. f3 O-O 8. Qd2
Nc6 9. Bc4 Bd7 10. O-O-O Rc8 11. Bb3 Ne5 12. Kb1 Nc4 13. Bxc4 Rxc4 14. h4 h5
15. Nb3 a6 16. Bh6 b5 17. g4 hxg4 18. h5 gxf3 19. Bxg7 Kxg7 20. hxg6 Rh8 21.
gxf7 Kxf7 22. Nd5 Nxe4 23. Qd3 Ng5 24. Rxh8 Qxh8 25. Nxe7 Qe5 26. Ng6 Qe4 27.
Qxd6 Qxc2+ 28. Ka1 Qxg6 29. Qxd7+ Kg8 30. Rd6 Qh5 31. Qd8+ Kh7 32. Rd7+ Nf7 33.
Rxf7+ Qxf7 34. Qd3+ Kg7 35. Qe3 f2 36. Qg3+ Kh6 37. Qh2+ Kg5 38. Qg3+ Rg4 39.
Qe5+ Qf5 40. Qe7+ Kf4 41. Qd6+ Qe5 42. Qd2+ Kg3 0-1

[Event "DLM 2008"]
[Site "Dresden GER"]
[Date "2008.11.17"]
[Round "6"]
[White "Adermann, Mara"]
[Black "Stahnecker, Ludwig"]
[Result "0-1"]
[Termination "normal"]
[Board "5.7"]
[WhiteElo "1558"]
[BlackElo "1939"]
[WhiteTeam "Bayern"]
[BlackTeam "Rheinland-Pfalz"]
[PlyCount "72"]
[BlackFideId "24692026"]
[EventCountry "GER"]
[EventRounds "7"]
[EventType "team-swiss"]
[EventDate "2008.11.13"]

1. e4 c5 2. Nf3 e6 3. d4 cxd4 4. Nxd4 a6 5. a3 Qc7 6. Nc3 Nf6 7. Be3 Be7 8. Be2
O-O 9. Qd2 d6 10. g4 b5 11. h4 Bb7 12. f3 d5 13. exd5 Nxd5 14. Nxd5 Bxd5 15.
Kf2 Rd8 16. Bd3 Nc6 17. Nxc6 Qxc6 18. Qe2 Rac8 19. Rac1 Bf6 20. c3 Rd7 21. g5
Be7 22. h5 Bc5 23. Rh3 Bxe3+ 24. Qxe3 Bb3 25. g6 fxg6 26. hxg6 h6 27. Rch1 Qc5
28. R1h2 Rxd3 29. Qxc5 Rxc5 30. Rg2 Rd2+ 31. Kg1 Rxg2+ 32. Kxg2 Rg5+ 33. Rg3
Rxg3+ 34. Kxg3 Bc2 35. Kf4 Kf8 36. Kg4 Bxg6 0-1